Statistics for Video Game Franchises

Click here to take the quiz!

General Stats

  • This quiz has been taken 95 times
  • The average score is 13 of 30

Answer Stats

YearGamesFranchise% Correct
1981Kart, The Thousand-Year Door, Dark MoonMario
93%
1997Vice City, San Andreas, The Lost and DamnedGrand Theft Auto
92%
1986Ocarina of Time, Twilight PrincessThe Legend of Zelda
89%
2007Black Flags, Chronicles: China, BrotherhoodAssassin's Creed
86%
1996Red, Blue, SapphirePokémon
86%
1986Zero Mission, II: Return of Samus, Super ...Metroid
81%
1994Skyrim, Arena, OblivionThe Elder Scrolls
81%
2003Ghosts, Finest Hour, Roads to VictoryCall of Duty
78%
1987Heavensward, A Realm Reborn, XIIFinal Fantasy
75%
2001Wild World, City Folk, New LeafAnimal Crossing
59%
1994Orcs & Humans, Hearthstone, Reign of ChaosWarcraft
45%
20002, 3, 4, Social, Medieval, StoriesThe Sims
44%
1981Return to Castle, Beyond Castle, The New OrderWolfenstein
42%
20072, 3, AndromedaMass Effect
38%
1990Radiant Dawn, Awakening, GaidenFire Emblem
33%
2006JC 2, JC 3Just Cause
29%
1995Battleground, Armageddon, ReloadedWorms
29%
2010The Dark Descent, A Machine for PigsAmnesia
26%
20062, 3, Off the Record, Chop Till You DropDead Rising
23%
2001II, III, The Precursor, The Lost FrontierJak and Daxter
22%
1996The Angel of Darkness, II, III, ChroniclesTomb Raider
21%
20012: The Fall of ... , 3Max Payne
19%
2001Desert Siege, Future Soldier, Summit StrikeTom Clancy's Ghost Recon
19%
20142, 3, 4Five Nights at Freddy's
18%
2003The Sun Is in Your Hand, Solar Boy DjangoBoktai
10%
2005Extraction Point, Reborn, Perseus MandateF.E.A.R
8%
19951, A Puzzle of FleshPhantasmagoria
7%
1996No Need To Hide When It's Dark OutsidePajama Sam
5%
2007Overture, Requiem, Black PlaguePenumbra
5%
1994Terror from the Deep, Apocalypse, EnforcerX-COM
5%

Score Distribution

Percentile by Number Answered

Percent of People with Each Score

Your Score History

You have not taken this quiz